Amazing Grace Lyrics Quiz - Statistics

General Stats
  • This quiz has been taken 123 times
  • The average score is 43 of 75
Answer Stats
Answer % Correct
Amazing
100%
grace
100%
how
100%
sweet
98%
sound
97%
the
97%
a
94%
that
94%
I
92%
like
92%
me
92%
now
91%
was
91%
but
90%
once
89%
saved
89%
lost
88%
found
87%
wretch
87%
I'm
86%
was
82%
I
81%
now
81%
see
81%
blind
80%
but
80%
grace
65%
that
65%
T'was
62%
to
59%
grace
58%
and
56%
my
56%
heart
54%
taught
54%
I
53%
the
52%
grace
50%
how
50%
my
50%
fear
48%
that
47%
first
46%
believed
45%
hour
44%
fears
43%
relieved
42%
appear
40%
precious
38%
the
37%
did
36%
no
36%
to
35%
When
33%
first
30%
there
30%
when
30%
been
29%
sing
29%
ten
29%
thousand
29%
we
29%
years
29%
as
28%
begun
28%
bright
27%
God's
27%
praise
27%
sun
27%
than
27%
we've
27%
days
26%
less
26%
shining
26%
we've
23%
No matching quizzes found
Score Distribution
Percent of People with Each Score
Percentile by Number Answered
Your Score History
You have not taken this quiz